Gia đình Tibô (hai tập) Tập 1

Guardado en:
Detalles Bibliográficos
Autor principal: Đuyga, Rôgiê Mactanh
Otros Autores: Nguyễn Khắc Đạm (dịch)
Formato: Libro
Lenguaje:Vietnamese
Publicado: H. NXB. Văn học 1982
Materias:
Etiquetas: Agregar Etiqueta
Sin Etiquetas, Sea el primero en etiquetar este registro!
Thư viện lưu trữ: Mạng thư viện Đại học Đà Nẵng
LEADER 01204nam a2200349 4500
001 000005406
003 1550
005 20120412140443.0
008 110816s1982 viesd
020 |c 0 đ 
041 0 |a vie 
082 |a 843  |b DU-R 
100 1 |a Đuyga, Rôgiê Mactanh 
245 1 0 |a Gia đình Tibô  |b (hai tập)  |c Lê Xuân Ninh, Phan Hồng Sơn, Thanh Tùng... dịch  |n Tập 1 
260 |a H.  |b NXB. Văn học  |c 1982 
300 |a 494 tr.  |c 19 cm 
500 |a Dịch từ nguyên văn tiếng Pháp: Les Thibault của Roger Martin du Gard 
653 |a Văn học Pháp 
653 |a tiểu thuyết Pháp 
700 |a Nguyễn Khắc Đạm  |e dịch 
773 |t Gia đình TIBO  |w 1549 
910 |a Minh  |d 16/08/2011 
OWN |a LSP 
AVA |a UDN50  |b LSP  |d 843 DU-R  |e available  |t Error 5001 Not defined in file expand_doc_bib_avail.  |f 2  |g 1  |h N  |i 0  |k 1 
999 |a From the UDN01 
AVA |a UDN50  |b LSP  |d 843 DU-R  |e available  |t Error 5001 Not defined in file expand_doc_bib_avail.  |f 2  |g 1  |h N  |i 0  |k 1 
TYP |a Monograph 
TYP |a Printed language 
980 |a Mạng thư viện Đại học Đà Nẵng